000 00827nam a2200217Ia 4500
999 _c40158
_d40158
001 6764
003 GE_BSU
005 20200116152315.0
008 181216s1950||||g |||||||||||||| ||geo||
040 _cGE_BSU
041 _ageo
080 _a821.353.1-22 გ-59
100 _aგოგიაშვილი, მიხეილ.
_96047
245 _aგულს უნდა :
_bკომედია 4 მოქმედებად /
_cმიხეილ გოგიაშვილი ; რედ. დ. ფაჩულიძე.
264 _aთბილისი.
_bსახელგამი.
_c1950.
300 _a95 გვ. ;
_c20სმ.
653 _aგულს უნდა
653 _aკომედია
700 _aფაჩულიძე, დ.
_eრედაქტორი
_96166
942 _cBK
_2udc